Speaking Effectively: Strategies for Academic Interaction, (Record no. 4980)
[ view plain ]
| 005 - DATE AND TIME OF LATEST TRANSACTION | |
|---|---|
| control field | 20250625093658.0 |
| 020 ## - INTERNATIONAL STANDARD BOOK NUMBER | |
| International Standard Book Number | 0-8384-2276-4 |
| 082 ## - DEWEY DECIMAL CLASSIFICATION NUMBER | |
| Classification number | 428.34KAY |
| 100 ## - MAIN ENTRY--PERSONAL NAME | |
| Author name | KAYFETZ, J.L. |
| 245 ## - TITLE STATEMENT | |
| Title | Speaking Effectively: Strategies for Academic Interaction, |
| 260 ## - PUBLICATION, DISTRIBUTION, ETC. | |
| Place of publication, distribution, etc. | New York, |
| Name of publisher, distributor, etc. | Heinle, |
| Date of publication, distribution, etc. | 1992. |
| 300 ## - PHYSICAL DESCRIPTION | |
| Extent | ix, 144p, ill,; |
| Other physical details | |
| Dimensions | 23cm |
| 700 ## - ADDED ENTRY--PERSONAL NAME | |
| Other authors/Editors | SMITH, M. E. F. |
| 942 ## - ADDED ENTRY ELEMENTS (KOHA) | |
| Source of classification or shelving scheme | Dewey Decimal Classification |
| Koha item type | Books |
| Date last seen | Total checkouts | Full call number | Barcode | Cost, replacement price | Price effective from | Koha item type | Lost status | Source of classification or shelving scheme | Damaged status | Not for loan | Withdrawn status | Home library | Current library | Date acquired | Cost, normal purchase price |
|---|---|---|---|---|---|---|---|---|---|---|---|---|---|---|---|
| 06/25/2025 | 428.34KAY | DOM0002880 | 16500.00 | 06/25/2025 | Books | Dewey Decimal Classification | CBE Dodoma | CBE Dodoma | 07/24/1995 | 5500.00 |
